Extrémistická scéna v Slovenskej republike a súčasné trendy

Internet ako propagačná metóda extrémistickej scény v Slovenskej republike. Verbálny prejav ako propagačná metóda extrémistickej scény v Slovenskej republike. Grafický prejav a masovokomunikačné prostriedky ako propagačné metódy extrémistickej scény v Slovenskej republike. Súčasné trendy extrémizmu...

Descrizione completa

Salvato in:
Dettagli Bibliografici
Autore principale: Kurilovská, Lucia
Altri autori: Šišulák, Stanislav
Natura: Capitolo di libro
Lingua:slovacco
Soggetti:
Tags: Aggiungi Tag
Nessun Tag, puoi essere il primo ad aggiungerne!!

MARC

LEADER 00000naa a2200000 4500
001 0224157
005 20220719123447.4
041 0 |a slo 
044 |a SK 
245 1 0 |a Extrémistická scéna v Slovenskej republike a súčasné trendy  |c Lucia Kurilovská, Stanislav Šišulák 
520 |a Internet ako propagačná metóda extrémistickej scény v Slovenskej republike. Verbálny prejav ako propagačná metóda extrémistickej scény v Slovenskej republike. Grafický prejav a masovokomunikačné prostriedky ako propagačné metódy extrémistickej scény v Slovenskej republike. Súčasné trendy extrémizmu v Slovenskej republike. Anarchistické skupiny v Slovenskej republike a ich aktivity. Stratégia vlády SR v boji proti extrémizmu. 
610 2 0 |a extrémizmus 
610 2 0 |a Slovensko 
610 2 0 |a strany vládne 
610 2 0 |a imigrácia 
610 2 0 |a technológie informačné 
610 2 0 |a technológie komunikačné 
610 2 0 |a propagácia 
610 2 0 |a činnosť trestná 
100 1 |a Kurilovská, Lucia 
700 1 |a Šišulák, Stanislav